Online katalóg knižníc regiónu Turca

Ján Vrabec: Leonarda. Kreslíme a maľujeme (Record no. 21728)

MARC details
000 -LEADER
fixed length control field 01118nab a2200349 ar4500
001 - CONTROL NUMBER
control field 21728
003 - CONTROL NUMBER IDENTIFIER
control field VRT
005 - DATE AND TIME OF LATEST TRANSACTION
control field 20260309104217.0
008 - FIXED-LENGTH DATA ELEMENTS--GENERAL INFORMATION
fixed length control field 090424c2009 xo |r|p|||||||000 b|slo
015 ## - NATIONAL BIBLIOGRAPHY NUMBER
National bibliography number SNBRB2009/04
Source snkbucl
038 ## - RECORD CONTENT LICENSOR
Record content licensor SNKBUCL
040 ## - CATALOGING SOURCE
Original cataloging agency SNKBUCL
Language of cataloging slo
Transcribing agency SNKBUCL
041 0# - LANGUAGE CODE
Language code of text/sound track or separate title slo
044 ## - COUNTRY OF PUBLISHING/PRODUCING ENTITY CODE
MARC country code xo
ISO country code SK
080 ## - UNIVERSAL DECIMAL CLASSIFICATION NUMBER
Universal Decimal Classification number 75
Common auxiliary subdivision (048)
Edition identifier 2001
080 ## - UNIVERSAL DECIMAL CLASSIFICATION NUMBER
Universal Decimal Classification number 741
Common auxiliary subdivision (048)
Edition identifier 2001
080 ## - UNIVERSAL DECIMAL CLASSIFICATION NUMBER
Universal Decimal Classification number 741.02
Common auxiliary subdivision (048)
Edition identifier 2001
080 ## - UNIVERSAL DECIMAL CLASSIFICATION NUMBER
Universal Decimal Classification number 316.346.32-053.2-056.45
Common auxiliary subdivision (048)
Edition identifier 2001
100 1# - MAIN ENTRY--PERSONAL NAME
Personal name Vráblová, Timotea,
Dates associated with a name 1968-
245 10 - TITLE STATEMENT
Title Ján Vrabec: Leonarda. Kreslíme a maľujeme
Statement of responsibility, etc. Timotea Vráblová
650 07 - SUBJECT ADDED ENTRY--TOPICAL TERM
Topical term or geographic name entry element maľovanie
Source of heading or term snkbucl
650 07 - SUBJECT ADDED ENTRY--TOPICAL TERM
Topical term or geographic name entry element kreslenie
Source of heading or term snkbucl
650 07 - SUBJECT ADDED ENTRY--TOPICAL TERM
Topical term or geographic name entry element kresliarske techniky
Source of heading or term snkbucl
650 07 - SUBJECT ADDED ENTRY--TOPICAL TERM
Topical term or geographic name entry element výtvarné techniky
Source of heading or term snkbucl
650 07 - SUBJECT ADDED ENTRY--TOPICAL TERM
Topical term or geographic name entry element talentované deti
Source of heading or term snkbucl
655 #7 - INDEX TERM--GENRE/FORM
Genre/form data or focus term recenzie
Source of term snkbucl
655 #7 - INDEX TERM--GENRE/FORM
Genre/form data or focus term príručky
Source of term snkbucl
773 0# - HOST ITEM ENTRY
Title Knižná revue
Related parts Roč. XIX, č. 4 (2009), s. 4
International Standard Serial Number 1210-1982
787 08 - OTHER RELATIONSHIP ENTRY
Relationship information Rec.:
Main entry heading Vrabec, Ján
Title Leonarda : kreslíme a maľujeme
Place, publisher, and date of publication Žilina : Knižné centrum, 2008
International Standard Book Number 9788080643218
942 ## - ADDED ENTRY ELEMENTS (KOHA)
Source of classification or shelving scheme Dewey Decimal Classification
Koha item type Odborná literatúra pre deti
Suppress in OPAC No
Holdings
Stav vyradenia Strata Poškodenie Spôsob nadobudnutia Domovská knižnica Aktuálna knižnica Dátum nadobudnutia Total checkouts Čiarový kód exemplára Date last seen Typ exemplára
      Dar Obecná knižnica Turčianska Štiavnička Obecná knižnica Turčianska Štiavnička 09.03.2026   4738000328 09.03.2026 Odborná literatúra pre deti
Projekt je podporený Slovenskou asociáciou knižníc
Prevádzkuje Turčianska knižnica Martin 2026